000 00515nam a22002057a 4500
003 UA-OsUOA
001 36936
007 ta
008 20060216b un ||||| |||| 00| 0 ukr d
090 _a32
_bС11
942 _cSA
040 _aUA-OsUOA
_bukr
_cUA-OsUOA
_dUA-OsUOA
245 _aСтудентська молодь. Передвиборні настрої та вподобання
300 _aС.8
955 _a0
041 _aukr
080 _a32
773 0 _w36933
650 7 _a32 Політика
_2UDC
999 _c323173
_d323173